The medieval floortiles of Herefordshire /
This volume presents a survey, in the form of a gazetteer, of the extant decorated floortiles of Herefordshire, with some tiles that are no longer available but which are known from records also included. For each site, each individual floortile design is illustrated, and parallels from other sites...
Main Author:
Format: eBook
Language: English
Published:
Oxford :
Archaeopress Publishing Ltd,
2022.
Series:
Access archaeology.
Subjects:
Online Access: Login to view Source
Tags: Add Tag
Call Number: TH8541
| LEADER | 01847nam a2200409 i 4500 | ||
|---|---|---|---|
| 001 | EDZ0002773579 | ||
| 003 | StDuBDS | ||
| 005 | 20230412183233.0 | ||
| 006 | m|||||o||d|||||||| | ||
| 007 | cr ||||||||||| | ||
| 008 | 220126s2022 enka fob 000|0|eng|d | ||
| 020 | |a 9781803271897 (PDF ebook) : |c No price | ||
| 040 | |a StDuBDS |b eng |c StDuBDS |e rda |e pn | ||
| 050 | 4 | |a TH8541 | |
| 082 | 0 | 4 | |a 698.90942420902 |2 23 |
| 100 | 1 | |a Bowen, Julie, |e author. | |
| 245 | 1 | 4 | |a The medieval floortiles of Herefordshire / |c Julie Bowen. |
| 264 | 1 | |a Oxford : |b Archaeopress Publishing Ltd, |c 2022. | |
| 300 | |a 1 online resource (ii, 141 pages) : |b illustrations (black and white, and colour). | ||
| 336 | |a text |2 rdacontent | ||
| 336 | |a still image |2 rdacontent | ||
| 337 | |a computer |2 rdamedia | ||
| 338 | |a online resource |2 rdacarrier | ||
| 490 | 1 | |a Access archaeology | |
| 500 | |a Also issued in print: 2022. | ||
| 504 | |a Includes bibliographical references. | ||
| 506 | 0 | |a Open access. | |
| 520 | 8 | |a This volume presents a survey, in the form of a gazetteer, of the extant decorated floortiles of Herefordshire, with some tiles that are no longer available but which are known from records also included. For each site, each individual floortile design is illustrated, and parallels from other sites are outlined. | |
| 521 | |a Specialized. | ||
| 588 | |a Description based on online resource; title from PDF title page (viewed on June 6, 2022). | ||
| 650 | 0 | |a Flooring, Tile |z England |z Herefordshire |x History |y To 1500. | |
| 776 | 0 | 8 | |i Print version : |z 9781803271880 |
| 830 | 0 | |a Access archaeology. | |
| 856 | 4 | 0 | |3 Archaeopress |u http://library.arce.org:8087/Archaeopress/Products/9781803271880 |
| 942 | |2 lcc |c EBOOK | ||
| 952 | |0 0 |1 0 |4 0 |6 TH8541 |7 1 |9 46908 |a ARCH |b ARCH |d 2023-04-12 |l 0 |o TH8541 |r 2023-04-12 00:00:00 |w 2023-04-12 |y EBOOK | ||
| 999 | |c 52566 |d 52566 | ||
